L'Union soviétique face à l'intégration européenne

Đã lưu trong:
Sonraí Bibleagrafaíochta
Príomhúdar: Chambre, Henri
Formáid: Leabhar
Teanga:Undetermined
Foilsithe: Lausanne Centre de Recherches Européennes, École des H.E.C., Université de Lausanne 1964
Ábhair:
Clibeanna: Cuir Clib Leis
Gan Chlibeanna, Bí ar an gcéad duine leis an taifead seo a chlibeáil!
Thư viện lưu trữ: Trung tâm Học liệu Trường Đại học Cần Thơ
LEADER 00571nam a2200181Ia 4500
001 CTU_83441
008 210402s9999 xx 000 0 und d
082 |a 335.4 
082 |b C447 
100 |a Chambre, Henri 
245 0 |a L'Union soviétique face à l'intégration européenne 
245 0 |c Henri Chambre 
260 |a Lausanne 
260 |b Centre de Recherches Européennes, École des H.E.C., Université de Lausanne 
260 |c 1964 
650 |a Marxian economics 
904 |i QHieu(sửa) 
980 |a Trung tâm Học liệu Trường Đại học Cần Thơ